000 00641nam a2200229Ia 4500
003 OSt
005 20220928145718.0
006 a|||||r|||| 00| 0
007 ta
008 220927b |||||||| |||| 00| 0 eng d
024 _a82366
037 _cTextual
040 _aSDCL
_cSDCL
_beng
041 _2eng
_aeng
082 _aXp1(X),N76, L7
100 _aLoehr William Ed.
_9514362
245 0 _aEconomic development,poverty,and income distribution.
260 _c1977
700 _a Powelson John P Ed.
_9514363
942 _hXp1(X),N76, L7
_cTEXL
_2CC
999 _c835088
_d835088